| 000 | 00747nam a22002417a 4500 | ||
|---|---|---|---|
| 005 | 20170124105916.0 | ||
| 010 | _aB-220282 | ||
| 020 |
_c150.00 _a97881883330794 |
||
| 035 | _aB-220282 | ||
| 037 | _bCen Lib/Ret | ||
| 040 |
_aDPL _bEN |
||
| 082 |
_a005.3 _bGUN |
||
| 100 |
_aGunarto, Hary _92624 |
||
| 245 |
_aIntroduction to visual basic .net programming / _cby Hary Gurnato |
||
| 246 | _b | ||
| 260 |
_bBPB Publications _c2006 _aNew Delhi |
||
| 270 |
_bNew Delhi _aB-14, Connaught Place _e110001 |
||
| 300 |
_aix, 132p.: _c23cm(pbk) _bill. |
||
| 500 | _aincludes bibliographical references | ||
| 650 |
_aComputer Science _9112754 |
||
| 650 |
_a Programming Languages _x _92626 |
||
| 942 |
_2ddc _cEN _h005.3 _mGUN |
||
| 999 |
_c122841 _d122841 |
||